1194 1742 1197 1480 1397 1688 1538 1467 1099 1816 1302 1911 1086 1936 1922 1521 1572 1651 1589 1679 1374 1900 1695 1497 1718 1317 1942 1797 1479 1730 1528 1516 1514 1871 1297 1088 1917 1584 1355 1406 1393 1092 1951 1363 1622 1831 1344 1251 1514 1961 1671 1483 1036 1199 1148 1464 1329 1876 1447 1710 1332 1219 1887 1534 1592 1211 1543 1851 1762 1971 1657 1450 1993 1265 1565 1509 1516 1572 1199 1804 1601 1055 1710 1723 1957 1381 1128 1599 1157 1561 1840 1618 1800 1758 1296 1792 1576 1041 1753 BCNSPRNW ULIB Ver.6.0+V

เปลี่ยนเป็นภาษาไทย

Change to English
 แสดงรายละเอียดบรรณานุกรม
  กลับหน้าหลัก

Brief Record : Get Marc (ISO 2709) : E-mail record : QR code < ปิดหน้าต่าง
LEADER : 00000nam 2200000uu 4500
001    13399114589
003     ULIB
008    120418s2551||||th 000 0 tha d
020    ^a9789741656981
090    ^aนว.^bก389ต 2551
100 0  ^aกันติมา
245 00 ^aตามรักคืนใจให้สองเรา/^cกันติมา
250    ^aพิมพ์ครั้งที่ 1
260    ^aกรุงเทพฯ :^bกรีนมายด์,^c2551
300    ^a317 หน้า
710 1  ^aกรีนมายด์
945    ^p229^l0^i15314
995    ^aกัณชพร
999    ^aใช้งานได้ทุกระบบ
รายการนี้ยังไม่มีแท็ก
คุณยังไม่ได้ล็อกอิน คุณสามารถมีกิจกรรมร่วมกับเว็บไซต์ได้ แต่ต้องล็อกอินก่อน ::
  ล็อกอิน

รายการสื่อสารสนเทศ

ลำดับที่ ประเภท เลขเรียก/บาร์โค้ด สถานที่ สถานะ
1. วิทยาศาสตร์การแพทย์ และสุขภาพ
วิทยาศาสตร์การแพทย์ และสุขภาพ
นว. ก389ต 2551  
  Barcode: 15314
ห้องสมุดวิทยาเขตสวรรค์ประชารักษ์
►นวนิยาย
บนชั้น
  ขอยืม

BibComment


ยังไม่เคยถูกคอมเมนท์

คอมเมนท์ทรัพยากรรายการนี้
  คอมเมนท์: ตามรักคืนใจให้สอ..


 Copyright 2026. Bcnsprnw @Library